Statistics for Countries with no letter 'a'

Click here to take the quiz!

General Stats

  • This quiz has been taken 106 times
    (78 since last reset)
  • The average score is 18 of 31

Answer Stats

Answer% Correct
Chile
83%
Peru
83%
Egypt
78%
Yemen
78%
Sweden
75%
Greece
73%
Mexico
73%
Belize
70%
Morocco
68%
Belgium
67%
Luxembourg
65%
Brunei
63%
Fiji
62%
Lesotho
62%
Benin
60%
Turkey
60%
Burundi
59%
Cyprus
59%
Niger
57%
Togo
57%
Czech Republic
54%
Kosovo
51%
Liechtenstein
51%
Comoros
49%
Philippines
49%
Djibouti
48%
Seychelles
48%
United Kingdom
48%
Montenegro
43%
Cote d"Ivoire
25%
Republic of the Congo
17%

Score Distribution

Percentile by Number Answered

Percent of People with Each Score

Your Score History

You have not taken this quiz since the last reset